| 000 | 00803nam a22002177a 4500 | ||
|---|---|---|---|
| 999 |
_c2877 _d2877 |
||
| 003 | AR-CdUCM | ||
| 008 | 190305b ||||| |||| 00| 0 spa d | ||
| 040 |
_aMUNICIPALIDAD PROVINCIAL DEL CUSCO _cBIBLIOTECA MUNICIPAL DEL CUSCO |
||
| 082 |
_a335.4 / _bD71 |
||
| 100 |
_aDjilas, Milovan _99943 |
||
| 245 |
_aLa nueva clase : _bAnálisis del sistema comunista / |
||
| 260 |
_aMéxico : _bInstituto de investigaciones internacionales del trabajo, _c1958. |
||
| 300 |
_a61 paginas ; _c22 cm. |
||
| 500 | _aDonación Sala Nieto / | ||
| 505 | _aContenido :Los orígenes --El carácter de la revolución --La nueva clase --El estado partidista --El dogmatismo económico ... | ||
| 650 |
_aComunismo _9495 |
||
| 650 |
_aEducación _9460 |
||
| 650 |
_aLibertad _92892 |
||
| 942 |
_2ddc _cLIBROS |
||
| 945 | _arjall | ||